| 000 | 01087nam a22003137a 4500 | ||
|---|---|---|---|
| 003 | CHAP | ||
| 005 | 20220329143833.0 | ||
| 008 | 111122s2011 mx r 00010 spa d | ||
| 010 | _a102556 | ||
| 011 | _a103528 | ||
| 020 | _a9786074900972 | ||
| 035 | _a114217 | ||
| 040 | _cCHAP | ||
| 082 | 0 | 4 |
_a070.4 _bL32 2011 |
| 100 | 1 |
_aLara González, Gerardo. _964844 |
|
| 245 | 1 | 0 |
_aLetras de madera : _bSultepec y el periodismo insurgente _c/por Gerardo Lara González |
| 250 | _a2 ed. | ||
| 260 |
_aToluca, Méx. : _bInstituto Mexiquense de Cultura, _c2011 |
||
| 300 | _a148 p. | ||
| 490 | 0 |
_aBiblioteca Mexiquense del Bicentenario. _pDocumentos y Testimonios |
|
| 590 |
_aBATCH-UPD _b10 _c20130410 _lUCH01 _h1017 |
||
| 590 |
_aBATCH-UPD _b10 _c20130914 _lUCH01 _h1714 |
||
| 590 |
_aCONVERSION _b10 _c20130109 _lUCH01 _h1356 |
||
| 650 | 1 | 4 |
_aPeriódicos _xHistoria _zMéxico (Edo.). _987184 |
| 830 | 0 |
_aBiblioteca Mexiquense del Bicentenario. _pDocumentos y Testimonios _912429 |
|
| 901 | _aBK | ||
| 942 | _cLIBRO | ||
| 949 |
_a070.4 L32 _bBC _cLIBRO _d33724002313157 _eLIBRO _h116115 _i114217 _sb |
||
| 999 |
_c102556 _d102556 |
||